| 000 | 00367cam a2200145ua 4500 | ||
|---|---|---|---|
| 041 |
_aeng _h |
||
| 082 |
_a612.64 _bPAT/HU |
||
| 100 | _aPatten, Bradley.M . | ||
| 245 |
_aHuman Embryology / _cM.Bradley Patten. _hTextual Documents |
||
| 260 |
_aLondon : _bMc Graw Hill Book Company , _c1946. |
||
| 300 | _a798 ; . | ||
| 504 | _a | ||
| 942 | _cBK | ||
| 999 |
_c1190 _d1190 |
||